Timely topic (0 8384 4200 5)

שמור ב:
מידע ביבליוגרפי
מחבר ראשי: PATRIC J AQUILINA
פורמט: ספר
שפה:Undetermined
יצא לאור: Heinle and Heinle 1998
תגים: הוספת תג
אין תגיות, היה/י הראשונ/ה לתייג את הרשומה!
Thư viện lưu trữ: Trung tâm Học liệu Trường Đại học Cần Thơ
LEADER 00396nam a2200145Ia 4500
001 CTU_49234
008 210402s9999 xx 000 0 und d
082 |a 428.24 
082 |b A656 
100 |a PATRIC J AQUILINA 
245 0 |a Timely topic (0 8384 4200 5) 
245 0 |c PATRIC J AQUILINA 
260 |b Heinle and Heinle 
260 |c 1998 
980 |a Trung tâm Học liệu Trường Đại học Cần Thơ